Normal view
MARC view
- Manufactures
Entry Topical Term
001 - CONTROL NUMBER
- control field: 7088
003 - CONTROL NUMBER IDENTIFIER
- control field: OSt
005 - DATE AND TIME OF LATEST TRANSACTION
- control field: 20170523111314.0
008 - FIXED-LENGTH DATA ELEMENTS
- fixed length control field: 170523|| aca||aabn | a|a d
040 ## - CATALOGING SOURCE
- Original cataloging agency: OSt
- Transcribing agency: OSt
150 ## - HEADING--TOPICAL TERM
- Topical term or geographic name entry element: Manufactures
- General subdivision: Quality control
- General subdivision: Standards
670 ## - SOURCE DATA FOUND
- Source citation: Work cat.: (OSt): Johnson, Perry L. 1948- 7086, ISO 9000 : , c2000

PORTAL AKMAL
E-MEL JKDM
AKMAL2U
G-BAM
u-PUSTAKA